Most important events of each year (1975-2025) - Statistics

General Stats
  • This quiz has been taken 33 times
  • The average score is 2 of 51
Answer Stats
Hint Answer % Correct
2001 911
92%
2020 COVID 19
50%
1989 The fall of the Berlin Wall
12%
1978 Camp David Accords
8%
1979 Iranian Revolution
8%
2013 Boston marathon Bombing
4%
2021 COVID 19 vaccines
4%
1991 Dissolution of the Soviet Union
4%
2016 Election of Donald Trump
4%
2024 2nd election of Donald Trump
0%
2023 Advancement of Ai
0%
2011 Arab spring uprising
0%
1986 Chernobyl nuclear disaster
0%
1997 Death of princess Diana
0%
2005 Devastation caused by Hurricane Katrina
0%
1992 Dissolution of Yugoslavia
0%
2009 Election of Barak Obama
0%
1994 Election of Nelson Mandela
0%
1980 Election of Ronald Reagan
0%
2015 European refugee crisis
0%
1975 Fail of Saigon
0%
2025 Gaza ceasefire
0%
2019 Global Climate Action
0%
2008 Global financial crisis
0%
2010 Haiti Earthquake
0%
2018 Hurricane Michael
0%
2017 Inauguration of Donald Trump
0%
1981 Inauguration of Ronald Reagan
0%
2004 Indian Ocean earthquake and tsunami
0%
1984 Introduction of the Apple Macintosh
0%
1982 introduction of the CD
0%
1998 Launch of Google
0%
2002 Launch of the Euro banknotes and coins
0%
1995 Oklahoma city bombing
0%
1999 Preperation of theY2K computer bug
0%
2012 Re-election of Barak Obama
0%
2000 Release of PlayStation 2
0%
1993 Release of the Mosaic web browser
0%
1990 Reunification of Germany
0%
1985 Rise of Mikhail Gorbachev
0%
2006 Rise of user generated content
0%
1987 Ronald Reagans Tear Down the Wall speech
0%
2014 Russia's annexation of Crimea
0%
2022 Russias invasion on Ukraine
0%
1983 Soviet nuclear false alarm
0%
1988 Soviet Withdrawal from Afganistan
0%
1996 The birth of Dolly the sheep (first mammal to be cloned)
0%
1976 United States Bicentennial
0%
2007 Unveiling of the Iphone
0%
2003 US-led invasion of Iraq
0%
1977 Voyager 2
0%
No matching quizzes found
Score Distribution
Percent of People with Each Score
Percentile by Number Answered
Your Score History
You have not taken this quiz